EL Caballero de la Armadura Oxidada (Registro nro. 2085)
[ vista simple ]
| 000 -LEADER | |
|---|---|
| fixed length control field | 01702nam a22001577a 4500 |
| 003 - CONTROL NUMBER IDENTIFIER | |
| control field | OSt |
| 005 - DATE AND TIME OF LATEST TRANSACTION | |
| control field | 20260429101221.0 |
| 008 - FIXED-LENGTH DATA ELEMENTS--GENERAL INFORMATION | |
| fixed length control field | 260429b |||||||| |||| 00| 0 SPAd |
| 100 ## - MAIN ENTRY--PERSONAL NAME | |
| Personal name | ROBERT FISHER |
| 245 ## - TITLE STATEMENT | |
| Title | EL Caballero de la Armadura Oxidada |
| 250 ## - EDITION STATEMENT | |
| Edition statement | 1ra |
| 300 ## - PHYSICAL DESCRIPTION | |
| Extent | 89 pag |
| 500 ## - GENERAL NOTE | |
| General note | , |
| 520 ## - SUMMARY, ETC. | |
| Summary, etc. | EL DILEMA DEL CABALLERO<br/>Hace ya mucho tiempo, en una tierra muy lejana, vivía un caballero que pensaba que era bueno, generoso y amoroso. Hacía todo lo que suelen hacer los caballeros buenos, generosos y amorosos. Luchaba contra sus enemigos, que eran malos, mezquinos y odiosos. Mataba dragones y rescataba damiselas en apuros. Cuando en el asunto de la caballería había crisis, tenía la mala costumbre de rescatar damiselas incluso cuando ellas no deseaban ser rescatadas y, debido a esto, aunque muchas damas le estaban agradecidas, otras tantas se mostraban furiosas con el caballero. Él lo aceptaba con filosofía. Después de todo, no se puede contentar a todo el mundo.<br/>Nuestro caballero era famoso por su armadura. Reflejaba unos rayos de luz tan brillantes que la gente del pueblo juraba haber visto el sol salir en el norte o ponerse en el este cuando el caballero partía a la batalla. Y partía a la batalla con bastante frecuencia. Ante la mera mención de una cruzada, el caballero se ponía la armadura entusiasmado, montaba su caballo y cabalgaba en cualquier dirección. Su entusiasmo era tal que a veces partía en varias direcciones a la vez, lo cual no es nada fácil.<br/>Durante años, el caballero se esforzó en ser el número uno del reino. Siempre había otra batalla que ganar, otro dragón que matar u otra damisela que rescatar. |
| 942 ## - ADDED ENTRY ELEMENTS (KOHA) | |
| Source of classification or shelving scheme | Dewey Decimal Classification |
| Koha item type | Acceso Libre |
| Suppress in OPAC | No |
| Withdrawn status | Lost status | Source of classification or shelving scheme | Damaged status | Not for loan | Collection | Home library | Current library | Shelving location | Date acquired | Source of acquisition | Coded location qualifier | Inventory number | Total checkouts | Full call number | Barcode | Date last seen | Copy number | Price effective from | Koha item type |
|---|---|---|---|---|---|---|---|---|---|---|---|---|---|---|---|---|---|---|---|
| Dewey Decimal Classification | Estantería F Fila 2 | Biblioteca Stanford | Biblioteca Stanford | Biblioteca Abierta | 29.04.2026 | LECTURA | 0504 | 0504 | Literatura | BIBLIO0504 | 29.04.2026 | 1 | 29.04.2026 | Acceso Libre |